| 000 | 00340pab a2200133 454500 | ||
|---|---|---|---|
| 008 | 180718b1990 xxu||||| |||| 00| 0 eng d | ||
| 100 | _aDouglas, Roger | ||
| 245 | _aThe politics of successful structural reform | ||
| 260 | _c1990 | ||
| 300 | _a103-37 | ||
| 650 | _aPublic Policy - New Zealand | ||
| 773 | _aAdministration | ||
| 909 | _a16731 | ||
| 999 |
_c16731 _d16731 |
||